000
00288nam a22001337a 4500
008
210514b ||||| |||| 00| 0 eng d
041
_a
eng
080
_a
82
082
_a
82
100
_a
21
101
_a
GJL
245
_a
The Mousetrap and Other Plays
_c
Christie,A
942
_2
udc
_c
BK
999
_c
57333
_d
57333